| 000 | 01055nam a22002417a 4500 | ||
|---|---|---|---|
| 999 |
_c21396 _d21396 |
||
| 003 | AR-CdUCM | ||
| 008 | 190318b ||||| |||| 00| 0 spa d | ||
| 020 | _a9788478291250 | ||
| 040 |
_aMUNICIPALIDAD PROVINCIAL DEL CUSCO _cBIBLIOTECA MUNICIPAL DEL CUSCO |
||
| 082 |
_a530/R46 _bR46 |
||
| 100 |
_aRex, Andrew _944626 |
||
| 245 | _aFundamentos de Física / | ||
| 260 |
_aMadrid. : _bPearson, _c2011. |
||
| 300 |
_a770 Páginas. : _bIlustraciones, _c21x27 cm. |
||
| 505 | _aContenido: Las medidas de la Física -- Movimiento unidimensional -- Movimiento bidimensional -- La fuerza y las leyes del movimiento de Newton -- Trabajo y energía -- Cantidad de movimientos y colisiones -- Oscilaciones -- Movimiento de rotación -- Gravitación -- Sólidos y fluidos -- Ondas y sonido -- Calor -- Las leyes de la termodinámica ... | ||
| 650 |
_aFísica _92382 |
||
| 650 |
_aFísica moderna _944627 |
||
| 650 |
_aFísica atómica _944628 |
||
| 650 |
_aFísica nuclear _919447 |
||
| 700 |
_aWolfson, Richard _944629 |
||
| 942 |
_2ddc _cLIBROS |
||
| 945 | _aRoel | ||